000
00282nam a22001217a 4500
008
180807b xxu||||| |||| 00| 0 eng d
082
_a
813.52
245
_a
The visual basic Ta for students
_c
LIN.F
260
_c
1995
300
_a
1
_f
FLOPY
440
_x
KT3L27D3
942
_2
ddc
_c
MX
999
_c
46933
_d
46933